Adam Fine

The Catastrophic Implosion of Packet Sub


Categories

Science - Chemistry24116538102.6712
Science - Physics15026565110.8302
Science - Biology05214081103.2003
Science - Other Science021115121131.5001
Social Science0100109696.0011
Fine Arts - Classical Music and Opera0100109797.0001
Fine Arts - Visual Fine Arts010110152152.0000
Beliefs010010113113.0001
Other Academic0010-50.0000

Buzzes

Science - ChemistryRainer Ludwig Claisen1538
Science - PhysicsJulian Schwinger1547
Science - Chemistryenolates-548
Science - Other Scienceregister allocation-558
Science - Physicstemperature1565
Science - Physicstwist angle1065
Science - Chemistryterpenes1567
Science - Biologyendometrium-579
Science - Biologyguard cells1081
Science - Biologyesters1087